000 00439nam a2200181Ia 4500
005 20240712093944.0
008 131103s9999 xx 000 0 und d
040 _aLoreto College
041 _aEnglish
082 _a821/N
_bCUN
245 _aBirthright poetry
_b book three
260 _aLondon
_bHamish Hamilton
_c1963
300 _a111p.
504 _aIncludes index
650 _aEnglish poetry
850 _aLCBED
942 _cBK
999 _c29840
_d80319